Statystyki dla Mistrzostwa Świata 2022: Tabela

Kliknij tutaj aby rozwiązać quiz!

Ogólne statystyki

  • Ten quiz został rozwiązany 95 razy
  • Średni wynik to 28 z 32

Statystyki odpowiedzi

PozycjaPKTGoleGrupaReprezentacja% Poprawnych
56+3DFrancja
100%
2040CPolska
99%
46+3CArgentyna
98%
17+7BAnglia
97%
243-2CArabia Saudyjska
94%
66+2GBrazylia
94%
164+1ENiemcy
93%
144+6EHiszpania
92%
27+4AHolandia
92%
234-1CMeksyk
92%
135+1BStany Zjednoczone
92%
320-6AKatar
91%
37+3FMaroko
90%
1840HKorea Południowa
89%
224-1FBelgia
88%
96+1EJaponia
88%
76+2HPortugalia
88%
125+3FChorwacja
87%
154+1AEkwador
86%
106+1ASenegal
86%
301-5BWalia
86%
116-1DAustralia
84%
310-5FKanada
81%
281-2DDania
79%
291-3GSerbia
79%
263-3BIran
78%
2140HUrugwaj
78%
86+1GSzwajcaria
77%
253-2HGhana
76%
1740GKamerun
71%
273-8EKostaryka
71%
1940DTunezja
68%

Rozkład punktacji

Percentyl według liczby udzielonych odpowiedzi

Procent ludzi z każdym wynikiem

Twoja historia wyników

Nie rozwiązałeś tego quizu